Adventures in Inglish Literature

محفوظ في:
التفاصيل البيبلوغرافية
التنسيق: كتاب
اللغة:Undetermined
منشور في: Estados Unidos Harcourt, Brace y Word 1968
الموضوعات:
الوسوم: إضافة وسم
لا توجد وسوم, كن أول من يضع وسما على هذه التسجيلة!

MARC

LEADER 00000nam a2200000Ia 4500
008 170316s9999 xx 000 0 und d
040 |a cru BVZT 
090 |a A-810 A-2.1a 
245 |a Adventures in Inglish Literature 
260 |a Estados Unidos 
260 |b Harcourt, Brace y Word 
260 |c 1968 
300 |a 894 páginas 
650 |a LITERATURA ESTADOUNIDENSE 
650 |a ANTOLOGÍA 
999 |c 12224  |d 12224 
942 |c 15 D  |h A-810 A-2.1a  |2 z